CONFIDENCE PLAN (Record no. 11416)
[ view plain ]
| 000 -LEADER | |
|---|---|
| fixed length control field | 00319nam a2200133Ia 4500 |
| 008 - FIXED-LENGTH DATA ELEMENTS--GENERAL INFORMATION | |
| fixed length control field | 240624s9999 xx 000 0 und d |
| 041 ## - LANGUAGE CODE | |
| Language code of text/sound track or separate title | eng |
| 082 ## - DEWEY DECIMAL CLASSIFICATION NUMBER | |
| Classification number | 158.122 LIT |
| 100 ## - MAIN ENTRY--PERSONAL NAME | |
| Personal name | LITVINOFF SARAH |
| 245 ## - TITLE STATEMENT | |
| Title | CONFIDENCE PLAN |
| 260 ## - PUBLICATION, DISTRIBUTION, ETC. | |
| Date of publication, distribution, etc. | 2007 |
| Place of publication, distribution, etc. | England |
| Name of publisher, distributor, etc. | BBC Active |
| 300 ## - PHYSICAL DESCRIPTION | |
| Extent | 240 : p. : cm. ; 21 |
| 365 ## - TRADE PRICE | |
| Currency code | |
| Price amount | 30 |
| Withdrawn status | Lost status | Damaged status | Not for loan | Home library | Current library | Shelving location | Date acquired | Source of acquisition | Cost, normal purchase price | Total Holds | Full call number | Barcode | Date last seen | Copy number | Price effective from | Koha item type |
|---|---|---|---|---|---|---|---|---|---|---|---|---|---|---|---|---|
| IMTN | IMTN | Rack 1-B | 10/20/2008 | IBH | 17.99 | 1721 | 158.122 LIT | 11416 | 06/24/2024 | 48 | 06/24/2024 | Books |